000 00478nam a2200169Ia 4500
003 IN-BaIIA
008 211028s9999 xx 000 0 eng d
040 _cIIA Library
080 _a535.313.6
_bBUC
100 _aBuchdahl, H. A
_97560
245 0 _aOptical aberration coefficients
_cH. A. Buchdahl
260 _aNew York
_bDover Publications
_c1968
300 _axxiii, 424p.
650 _a Optics
_97980
650 _aAstronomy and astrophysics thesaurus 
_91143
942 _cBK
999 _c4541
_d4541